| 000 | 00687nam a2200241 a 4500 | ||
|---|---|---|---|
| 001 | nice12345678 | ||
| 003 | IN_TiNIC | ||
| 005 | 20260116013324.0 | ||
| 008 | 050524s1992 dela grp 000 0 eng | ||
| 020 |
_a8185233 _c100 |
||
| 082 | 0 | 0 |
_a297.1226 _bFAZ |
| 100 | _aFazlur Rahman, Muhammad | ||
| 245 | _aIslam and Chirstianity in the Modern World. | ||
| 260 |
_aDelhi _bNoor Publishing House _c1992 |
||
| 300 | _a221p | ||
| 500 | _aincludes index and biblioraphy | ||
| 505 | 2 | _aQuranic view of Christianity in the light of modern research | |
| 650 | _aQuran and Christianity | ||
| 700 | 1 | _aFazlur Rahman, Muhammad | |
| 902 | _bSRS | ||
| 942 | _cBK | ||
| 999 |
_c10555 _d10555 |
||